000 00998nam a22002177a 4500
999 _c22853
_d22853
005 20251125232921.0
008 s2519 th tha d
040 _aNALT
041 _atha
090 _aอ AD280.1 ร362น 2519
245 1 0 _aนามานุกรมรัฐสภา พุทธศักราช 2519
260 3 _aกรุงเทพฯ :
_bศูนย์บริการทางวิชาการและกฎหมาย สำนักงานเลขาธิการรัฐสภา,
_c2519
300 _a217 หน้า ;
_b 21 ซม.
650 0 4 _aสมาชิกรัฐสภา -- ทำเนียบนาม
650 0 4 _aสมาชิกวุฒิสภา -- ทำเนียบนาม
650 0 4 _aสมาชิกสภาผู้แทนราษฎร -- ทำเนียบนาม
850 _aNALT
856 4 0 _uhttps://hdl.handle.net/20.500.14156/502454
942 _cREF
_2lcc